| 000 | 00323 a2200133 4500 | ||
|---|---|---|---|
| 001 | 64720 | ||
| 082 | _a621.38153 MAN | ||
| 090 |
_c38286 _d38286 |
||
| 100 | _aM Majo, Kime | ||
| 245 | _aLogic and computer design fundamentals 2nd Ed | ||
| 250 | _a2 | ||
| 260 |
_aDelhi, India _bPearson _c2001 |
||
| 300 | _axvi, 650p. | ||
| 942 |
_aNUST-CAE _k621.38153 MAN |
||
| 999 |
_c299793 _d299793 |
||